000 00682nam a2200181 i 4500
001 21471
003 ES-MaACL
005 20231221152502.0
007 t|
008 021125s1925 sp ||||1| spa d
100 1 _aAlcalá Zamora, Niceto,
_d1877-1949
_919473
245 1 4 _aLos intentos del pacifismo contemporáneo
_b: disertaciones ante la Real Academia de Ciencias Morales y Políticas /
_cpor Niceto Alcalá-Zamora y Torres.
260 _aMadrid :
_b[s.n.],
_c1925 (
_fViuda e Hijos de J. Ratés)
300 _a62 p. ;
_c23 cm.
710 2 _aReal Academia de Ciencias Morales y Políticas (España)
_9222050
852 _aES-MaACL
_j1508-F-1
_bR.5251
999 _c21471
_d21471